神田〇〇(町名) - Statistics

General Stats
  • This quiz has been taken 19 times
  • The average score is 11 of 28
Answer Stats
Answer % Correct
神田小川町
85%
神田神保町
85%
神田淡路町
77%
神田岩本町
62%
神田須田町
62%
神田駿河台
54%
神田司町
54%
神田練塀町
54%
神田鍛冶町
46%
神田佐久間町
46%
神田多町
46%
神田錦町
46%
神田相生町
38%
神田紺屋町
38%
神田東松下町
38%
神田和泉町
31%
神田北乗物町
31%
神田佐久間河岸
31%
神田富山町
31%
神田東紺屋町
31%
神田美土代町
31%
神田猿楽町
23%
神田花岡町
23%
神田西福田町
15%
神田平河町
15%
神田美倉町
15%
神田三崎町
15%
神田松永町
8%
No matching quizzes found
Score Distribution
Percent of People with Each Score
Percentile by Number Answered
Your Score History
You have not taken this quiz